Portugal nas Comunidades Europeias 1992 sétimo ano
Salvato in:
| Natura: | Libro |
|---|---|
| Lingua: | portoghese |
| Pubblicazione: |
Lisboa
Ministério dos negócios estrangeiros
1993
|
| Soggetti: | |
| Tags: |
Nessun Tag, puoi essere il primo ad aggiungerne!!
|
MARC
| LEADER | 00000nam a2200000 4500 | ||
|---|---|---|---|
| 001 | c136287 | ||
| 005 | 20221123112640.6 | ||
| 020 | |a 972-9245-15-0 | ||
| 041 | 0 | |a por | |
| 044 | |a PT | ||
| 245 | 1 | 0 | |a Portugal nas Comunidades Europeias 1992 |b sétimo ano |
| 264 | 1 | |a Lisboa |b Ministério dos negócios estrangeiros |c 1993 | |
| 300 | |a xi, 415 s. | ||
| 610 | 2 | 0 | |a Európska únia |
| 610 | 2 | 0 | |a Portugalsko |
| 610 | 2 | 0 | |a spolupráca hospodárska medzinárodná |
| 610 | 2 | 0 | |a situácia hospodárska |
| 610 | 2 | 0 | |a obchod medzinárodný |
| 610 | 2 | 0 | |a politika |
| 610 | 2 | 0 | |a politika hospodárska |
| 610 | 2 | 0 | |a kultúra |
| 610 | 2 | 0 | |a právo |
| 610 | 2 | 0 | |a vzdelanie |
| 610 | 2 | 0 | |a priemysel |
| 610 | 2 | 0 | |a doprava |
| 610 | 2 | 0 | |a poľnohospodárstvo |